[Event "Women's Speed Chess Q6 KO"]
[Site "chess.com INT"]
[Date "2021.06.05"]
[Round "1.1"]
[White "Arabidze, Meri"]
[Black "Belenkaya, Dina"]
[Result "0-1"]
[WhiteTitle "IM"]
[BlackTitle "WGM"]
[WhiteElo "2432"]
[BlackElo "2341"]
[WhiteFideId "13604040"]
[BlackFideId "24142654"]
[EventDate "2021.06.05"]

1. c4 e5 2. Nc3 Nc6 3. Nf3 Nf6 4. e4 Bb4 5. d3 a5 6. Be2 O-O 7. O-O d6 8. Na4
Qe7 9. Bg5 h6 10. Bh4 Bc5 11. Nxc5 dxc5 12. Ne1 Rd8 13. Qc1 g5 14. Bg3 Nd4 15.
Bd1 Ne8 16. Nc2 Nxc2 17. Qxc2 Ng7 18. Qc3 f6 19. a3 Ne6 20. Rb1 Qd6 21. b4 axb4
22. axb4 Qxd3 23. Qxd3 Rxd3 24. Bg4 cxb4 25. Bxe6+ Bxe6 26. Rxb4 b6 27. f3 Rc3
28. Rd1 Kf7 29. h4 Ke7 30. Bf2 Rxc4 31. Rb2 Raa4 32. Rbd2 Rc3 33. Rd8 Ra2 34.
Rh8 Rcc2 35. Rh7+ Bf7 36. Be3 Rxg2+ 37. Kf1 Rh2 38. hxg5 Rh1+ 39. Bg1 fxg5 40.
Rc1 c5 41. Rb1 Kf8 0-1

[Event "Women's Speed Chess Q6 KO"]
[Site "chess.com INT"]
[Date "2021.06.05"]
[Round "1.1"]
[White "Mammadova, Gulnar"]
[Black "Batsiashvili, Nino"]
[Result "1-0"]
[WhiteTitle "IM"]
[BlackTitle "GM"]
[WhiteElo "2382"]
[BlackElo "2491"]
[WhiteFideId "13403508"]
[BlackFideId "13602993"]
[EventDate "2021.06.05"]

1. e4 c6 2. d4 d5 3. e5 c5 4. dxc5 e6 5. Nf3 Nd7 6. c4 Ne7 7. Nc3 Nxc5 8. cxd5
Nxd5 9. Nxd5 Qxd5 10. Qxd5 exd5 11. Bb5+ Bd7 12. Bxd7+ Kxd7 13. O-O Be7 14. Rd1
Ke6 15. Bf4 Rhd8 16. Nd4+ Kd7 17. Nf5 g6 18. Nxe7 Kxe7 19. Bg5+ Ke6 20. Bxd8
Rxd8 21. Rac1 b6 22. b4 Na6 23. a3 Kxe5 24. Rc6 d4 25. Rc4 Rd7 26. f3 Nc7 27.
Kf2 Ne6 28. Rc8 h5 29. g3 a5 30. bxa5 bxa5 31. Rb8 Rd5 32. Re1+ Kf6 33. Reb1 Nc7
34. R8b6+ Kf5 35. Rb7 Rc5 36. Rd1 Ne6 37. Rxf7+ Ke5 38. Re1+ Kd5 39. Re7 Nc7 40.
Rd7+ Kc4 41. Rc1+ Kb5 42. Rxc5+ Kxc5 43. Rxc7+ Kd5 44. Ke2 1-0

[Event "Women's Speed Chess Q6 KO"]
[Site "chess.com INT"]
[Date "2021.06.05"]
[Round "1.1"]
[White "Perez Rodriguez, Jennifer"]
[Black "Eswaran, Ashritha"]
[Result "1-0"]
[WhiteTitle "WIM"]
[BlackTitle "WIM"]
[WhiteElo "2251"]
[BlackElo "2244"]
[WhiteFideId "3507831"]
[BlackFideId "2080788"]
[EventDate "2021.06.05"]

1. e4 c6 2. d4 d5 3. exd5 cxd5 4. c4 dxc4 5. Bxc4 e6 6. Nf3 Nf6 7. Nc3 Be7 8.
O-O O-O 9. a3 Nc6 10. Be3 b6 11. Bb3 Bb7 12. Bc2 Rc8 13. Qd3 g6 14. Rad1 Qc7 15.
Rfe1 Rfd8 16. h3 Nd5 17. Nxd5 Rxd5 18. Bb3 Rdd8 19. Qe2 Na5 20. Ba2 Bd5 21. Bb1
Bf6 22. h4 Bxf3 23. Qxf3 Bxh4 24. d5 Rxd5 25. Rxd5 exd5 26. Qxd5 Bf6 27. b4 Nb7
28. Rc1 Qb8 29. Ba2 Rxc1+ 30. Bxc1 Nd8 31. Qd7 Qe5 32. Bh6 Qe1+ 33. Kh2 Qe7 34.
Qc8 Be5+ 35. g3 Bc7 36. Kg1 Qe1+ 37. Kg2 Qe4+ 38. Kg1 Qe1+ 39. Kg2 Qe7 40. Bd5
Qd6 41. Bf3 f6 42. Bf4 Qe6 43. Qxc7 g5 44. Qxd8+ Kg7 45. Bd6 g4 46. Qe7+ Qxe7
47. Bxe7 gxf3+ 48. Kxf3 Kf7 49. Bd6 Ke6 50. Bf4 Kf5 51. Bb8 h5 52. Bxa7 h4 53.
gxh4 Kg6 54. Bxb6 1-0

[Event "Women's Speed Chess Q6 KO"]
[Site "chess.com INT"]
[Date "2021.06.05"]
[Round "1.1"]
[White "Socko, Monika"]
[Black "Kulkarni, Bhakti"]
[Result "1/2-1/2"]
[WhiteTitle "GM"]
[BlackTitle "IM"]
[WhiteElo "2393"]
[BlackElo "2391"]
[WhiteFideId "1106619"]
[BlackFideId "5019516"]
[EventDate "2021.06.05"]

1. d4 Nf6 2. c4 c5 3. d5 b5 4. cxb5 a6 5. e3 d6 6. Nc3 g6 7. Nf3 Bg7 8. a4 O-O
9. Bd2 Bb7 10. Bc4 Nbd7 11. bxa6 Bxa6 12. Bxa6 Rxa6 13. O-O Nb6 14. e4 Qa8 15.
b3 Rb8 16. Rc1 e6 17. Bf4 e5 18. Bg5 Ne8 19. Nb5 Qb7 20. Nd2 f5 21. exf5 gxf5
22. Qh5 Qxd5 23. Nc4 Nxc4 24. Rxc4 Qf7 25. Qh3 Qg6 26. Bh4 Nf6 27. Bxf6 Qxf6 28.
Rd1 e4 29. Qg3 Rd8 30. h3 Kh8 31. Qc3 Qxc3 32. Nxc3 Bd4 33. Nb5 d5 34. Rc2 e3
35. Nxd4 cxd4 36. Rxd4 Rb6 37. fxe3 Rxb3 38. Kf2 Ra3 39. Rcd2 Re8 40. R2d3 Ra2+
41. Rd2 Ra1 42. Rd1 Ra3 43. R1d3 Rxd3 44. Rxd3 Ra8 45. Rxd5 Rxa4 46. Rxf5 Kg7
47. Kf3 Kg6 48. Rf4 Ra1 49. g4 Rh1 50. Kg3 Re1 51. Kf3 Rh1 52. Kg3 Re1 53. Kf3
Rh1 1/2-1/2

[Event "Women's Speed Chess Q6 KO"]
[Site "chess.com INT"]
[Date "2021.06.05"]
[Round "1.2"]
[White "Batsiashvili, Nino"]
[Black "Mammadova, Gulnar"]
[Result "0-1"]
[WhiteTitle "GM"]
[BlackTitle "IM"]
[WhiteElo "2491"]
[BlackElo "2382"]
[WhiteFideId "13602993"]
[BlackFideId "13403508"]
[EventDate "2021.06.05"]

1. d4 g6 2. Nf3 Bg7 3. g3 d6 4. Bg2 Nd7 5. O-O e5 6. dxe5 dxe5 7. Nc3 Ne7 8. a4
O-O 9. a5 a6 10. Ra3 Nc6 11. Ne4 f5 12. Qd5+ Kh8 13. Neg5 Qe7 14. h4 e4 15. Nh2
Nf6 16. Qd1 h6 17. Nh3 Be6 18. Be3 Nd5 19. Nf4 Nxf4 20. Bxf4 Bxb2 21. Ra1 Rad8
22. Qb1 Bxa1 23. Qxa1+ Kh7 24. Qc1 Nd4 25. Re1 Bc4 26. Bf1 Qg7 27. e3 Bxf1 28.
exd4 Bc4 29. Be5 Qe7 30. Qe3 Rd5 31. Bf4 Qg7 32. c3 Rxa5 33. g4 Be6 34. Nf1 Rd5
35. Ng3 b5 36. Ra1 Bc8 37. gxf5 gxf5 38. h5 c5 39. dxc5 Rd3 40. Qe2 Rxc3 41. Rd1
Rd3 42. Rxd3 exd3 43. Qxd3 Bb7 44. Kh2 Qf6 45. Qe3 Qh4+ 46. Kg1 Qf6 47. Qd2 Rg8
48. Qd7+ Rg7 49. Qd1 Qc6 50. Qf1 Qh1# 0-1

[Event "Women's Speed Chess Q6 KO"]
[Site "chess.com INT"]
[Date "2021.06.05"]
[Round "1.2"]
[White "Belenkaya, Dina"]
[Black "Arabidze, Meri"]
[Result "0-1"]
[WhiteTitle "WGM"]
[BlackTitle "IM"]
[WhiteElo "2341"]
[BlackElo "2432"]
[WhiteFideId "24142654"]
[BlackFideId "13604040"]
[EventDate "2021.06.05"]

1. e4 c5 2. Nc3 e6 3. g3 Nc6 4. Bg2 a6 5. Nge2 Nf6 6. O-O Qc7 7. f4 d6 8. d3 Be7
9. h3 O-O 10. g4 b5 11. Ng3 b4 12. Nce2 a5 13. g5 Ne8 14. Nh5 g6 15. Nhg3 Ng7
16. Be3 Ba6 17. h4 f5 18. exf5 Nxf5 19. Nxf5 exf5 20. Bd5+ Kg7 21. h5 Rfe8 22.
Ng3 Bb7 23. Qf3 Nd8 24. Rae1 Bxd5 25. Qxd5 Qc6 26. Qxc6 Nxc6 27. Bf2 Bf8 28. Kg2
Kf7 29. Rh1 a4 30. h6 d5 31. Be3 Bd6 32. Kf3 Re7 33. Bf2 Rae8 34. c3 a3 35.
Rxe7+ Rxe7 36. cxb4 Nxb4 37. bxa3 Nxd3 38. a4 Nxf2 39. Kxf2 Bxf4 40. Ne2 Bxg5
41. Nc3 d4 42. Nd5 Ra7 43. Rb1 Bxh6 44. Nb6 Bf4 45. Rb5 Bc7 0-1

[Event "Women's Speed Chess Q6 KO"]
[Site "chess.com INT"]
[Date "2021.06.05"]
[Round "1.2"]
[White "Eswaran, Ashritha"]
[Black "Perez Rodriguez, Jennifer"]
[Result "1-0"]
[WhiteTitle "WIM"]
[BlackTitle "WIM"]
[WhiteElo "2244"]
[BlackElo "2251"]
[WhiteFideId "2080788"]
[BlackFideId "3507831"]
[EventDate "2021.06.05"]

1. e4 e5 2. Nf3 Nc6 3. Bc4 Nf6 4. d3 Bc5 5. O-O d6 6. c3 a6 7. Bb3 Ba7 8. h3 O-O
9. Re1 Ne7 10. Nbd2 Ng6 11. Nf1 Re8 12. Ng3 h6 13. d4 c6 14. Bd2 Be6 15. Bxe6
Rxe6 16. dxe5 dxe5 17. Be3 Bxe3 18. Rxe3 Rd6 19. Qb3 Rd7 20. Nf5 b5 21. Kh2 c5
22. Rae1 c4 23. Qb4 Rc8 24. a4 Qb6 25. axb5 axb5 26. Ra1 Qc5 27. Qxc5 Rxc5 28.
Ra8+ Kh7 29. Rb8 Ng8 30. g4 N8e7 31. Re2 Nf4 32. Rc2 g6 33. Nxe7 Rxe7 34. Rd2
Nd3 35. b4 Rc6 36. Rxb5 f6 37. Ra5 Kg7 38. Kg3 Kf7 39. Rd1 Rd7 40. Ne1 Rcd6 41.
Nc2 Rc6 42. Ne3 Rdc7 43. Nd5 Rc8 44. Ra7+ Kf8 45. Ne7 R6c7 46. Rxc7 Rxc7 47. Nd5
Ra7 48. Rb1 Rb7 49. b5 Kf7 50. Kf3 Nc5 51. Rb4 Ne6 52. b6 Nc5 53. Rxc4 Nd7 54.
Rb4 Ke6 55. c4 Kd6 56. Rb5 Nc5 57. Nxf6 Na4 58. Ke3 Kc6 59. Nd5 Nc5 60. f4 Rf7
61. fxe5 g5 62. e6 Rf8 63. e7 Re8 64. b7 Nxb7 65. Kd4 Nd6 66. Rc5+ Kd7 67. e5
Nb7 68. Rc7+ Ke6 69. Rxb7 1-0

[Event "Women's Speed Chess Q6 KO"]
[Site "chess.com INT"]
[Date "2021.06.05"]
[Round "1.2"]
[White "Kulkarni, Bhakti"]
[Black "Socko, Monika"]
[Result "0-1"]
[WhiteTitle "IM"]
[BlackTitle "GM"]
[WhiteElo "2391"]
[BlackElo "2393"]
[WhiteFideId "5019516"]
[BlackFideId "1106619"]
[EventDate "2021.06.05"]

1. d4 Nf6 2. c4 e6 3. Nf3 b6 4. g3 Bb7 5. Bg2 Be7 6. O-O O-O 7. Qc2 a5 8. Nc3 d5
9. cxd5 exd5 10. Ne5 Nbd7 11. Rd1 h6 12. Bf4 c6 13. Rac1 Rc8 14. Bh3 b5 15. a3
Ra8 16. Nxd7 Nxd7 17. e4 b4 18. Na4 bxa3 19. bxa3 dxe4 20. Qxe4 Bxa3 21. Rb1 Nf6
22. Qf3 Bb4 23. Nc5 Bc8 24. Bxc8 Rxc8 25. Be5 Qd5 26. Qe2 Nd7 27. Nxd7 Qxd7 28.
Qh5 Rfe8 29. Rb3 Qd5 30. Rf3 f6 31. Qg4 fxe5 32. Rf5 Rc7 33. dxe5 Qe6 34. Qe4
Rd7 35. Rc1 Rc8 36. Rf3 c5 37. Re3 Rcd8 38. f4 Rd1+ 39. Rxd1 Rxd1+ 40. Kg2 Qd5
41. Qxd5+ Rxd5 42. f5 Kf7 43. e6+ Ke7 44. Re4 a4 45. g4 a3 46. Re2 c4 47. h4 Rd2
48. Rxd2 Bxd2 0-1

[Event "Women's Speed Chess Q6 KO"]
[Site "chess.com INT"]
[Date "2021.06.05"]
[Round "1.3"]
[White "Arabidze, Meri"]
[Black "Belenkaya, Dina"]
[Result "0-1"]
[WhiteTitle "IM"]
[BlackTitle "WGM"]
[WhiteElo "2432"]
[BlackElo "2341"]
[WhiteFideId "13604040"]
[BlackFideId "24142654"]
[EventDate "2021.06.05"]

1. Nf3 d5 2. b3 Nf6 3. Bb2 g6 4. c4 c6 5. e3 Bg7 6. Be2 O-O 7. O-O Nbd7 8. Nc3
a6 9. d4 Re8 10. Rc1 Ne4 11. Qc2 Nxc3 12. Bxc3 Nf6 13. Ne5 Bf5 14. Qb2 Ne4 15.
Rfd1 f6 16. Nd3 Nxc3 17. Qxc3 Bxd3 18. Bxd3 Rc8 19. Qb4 Qd7 20. h3 f5 21. Be2 e6
22. Rc2 Bf8 23. Qd2 Bd6 24. b4 Bb8 25. a4 dxc4 26. Bxc4 Kg7 27. f4 Bd6 28. Rb1
Qe7 29. Qc3 Kg8 30. Qb3 Kg7 31. Qb2 Kg8 32. b5 cxb5 33. axb5 a5 34. Qa2 Ra8 35.
b6 Kg7 36. Bb5 Red8 37. Rbc1 Kg8 38. Rc7 Bxc7 39. Rxc7 Qd6 40. Rxb7 Rdb8 41. Rd7
Qxb6 42. d5 Qxb5 43. dxe6 Qb1+ 0-1

[Event "Women's Speed Chess Q6 KO"]
[Site "chess.com INT"]
[Date "2021.06.05"]
[Round "1.3"]
[White "Perez Rodriguez, Jennifer"]
[Black "Eswaran, Ashritha"]
[Result "0-1"]
[WhiteTitle "WIM"]
[BlackTitle "WIM"]
[WhiteElo "2251"]
[BlackElo "2244"]
[WhiteFideId "3507831"]
[BlackFideId "2080788"]
[EventDate "2021.06.05"]

1. e4 c5 2. c3 d5 3. exd5 Qxd5 4. d4 g6 5. Nf3 Bg7 6. Be3 cxd4 7. Nxd4 Nf6 8.
Na3 O-O 9. Nf3 a6 10. Bc4 Qc6 11. O-O b5 12. Bb3 Bb7 13. Nc2 Nbd7 14. Ncd4 Qc7
15. a4 Ng4 16. g3 e5 17. Nc2 Qc6 18. Nce1 Nxe3 19. fxe3 Nc5 20. axb5 axb5 21.
Bc2 Bh6 22. Ng2 Rxa1 23. Qxa1 Ra8 24. Qb1 Rd8 25. Rf2 Bg7 26. e4 Nxe4 27. Re2
Nc5 28. Nge1 e4 29. Ng5 e3 30. Ngf3 Bh6 31. b4 Ne4 32. Bxe4 Qxe4 33. Qxe4 Bxe4
34. Nd4 Rb8 35. Nec2 Bd3 36. Re1 Re8 37. Kg2 e2 38. Kf2 Bd2 39. Ra1 Bxc3 40. Rc1
Bd2 41. Ra1 Bxc2 42. Nxc2 e1=Q+ 43. Nxe1 Bxe1+ 44. Rxe1 Rxe1 45. Kxe1 Kf8 46.
Ke2 Ke7 47. Kd3 Kd6 48. Kd4 f5 49. h4 h6 50. Kd3 Kd5 51. Ke3 Kc4 52. Kf4 Kxb4
53. h5 gxh5 54. Kxf5 Kc5 55. Kg6 b4 56. Kxh6 b3 57. Kxh5 b2 58. g4 b1=Q 59. g5
Qh7+ 60. Kg4 Qg7 61. Kh4 Kd5 62. Kg4 Ke4 63. Kh5 Kf5 0-1

[Event "Women's Speed Chess Q6 KO"]
[Site "chess.com INT"]
[Date "2021.06.05"]
[Round "2.1"]
[White "Eswaran, Ashritha"]
[Black "Belenkaya, Dina"]
[Result "1-0"]
[WhiteTitle "WIM"]
[BlackTitle "WGM"]
[WhiteElo "2244"]
[BlackElo "2341"]
[WhiteFideId "2080788"]
[BlackFideId "24142654"]
[EventDate "2021.06.05"]

1. e4 d5 2. exd5 Qxd5 3. Nc3 Qe5+ 4. Qe2 Qxe2+ 5. Bxe2 Nf6 6. Nf3 c6 7. O-O Bf5
8. Nd4 Bg6 9. d3 e6 10. f4 Bc5 11. Be3 O-O 12. f5 Bxd4 13. Bxd4 Bxf5 14. Bxf6
gxf6 15. g4 Bg6 16. Rxf6 Nd7 17. Rf2 Rad8 18. Raf1 Ne5 19. h4 h6 20. Nd1 Kg7 21.
Ne3 f6 22. Kg2 c5 23. Kg3 Rd4 24. Ng2 Nc6 25. Bf3 Ne7 26. Nf4 Bf7 27. Ne2 Rd7
28. Be4 Bg8 29. Nf4 Bf7 30. Ne2 Nd5 31. Bxd5 exd5 32. Rxf6 Re7 33. R6f2 Rfe8 34.
Nf4 Re3+ 35. Kh2 d4 36. Ng2 Re2 37. Rxf7+ Kg8 38. R7f2 R2e5 39. Kg3 b5 40. Rf5
c4 41. Rxe5 Rxe5 42. dxc4 bxc4 43. Rd1 Re2 44. Rxd4 Rxc2 45. Ne3 Rxb2 46. a4 c3
47. Rc4 Rb3 48. Kf4 a5 49. g5 hxg5+ 50. hxg5 Rb4 51. Rxb4 axb4 52. Ke4 b3 53.
Kd3 c2 54. Nxc2 b2 55. Na3 b1=Q+ 56. Nxb1 1-0

[Event "Women's Speed Chess Q6 KO"]
[Site "chess.com INT"]
[Date "2021.06.05"]
[Round "2.1"]
[White "Mammadova, Gulnar"]
[Black "Socko, Monika"]
[Result "1-0"]
[WhiteTitle "IM"]
[BlackTitle "GM"]
[WhiteElo "2382"]
[BlackElo "2393"]
[WhiteFideId "13403508"]
[BlackFideId "1106619"]
[EventDate "2021.06.05"]

1. e4 e6 2. Qe2 c5 3. g3 Nc6 4. Bg2 g6 5. c3 Bg7 6. Nf3 Nge7 7. O-O O-O 8. d3 d6
9. Na3 h6 10. Nc2 e5 11. Nh4 Kh7 12. f4 f5 13. exf5 gxf5 14. fxe5 dxe5 15. Be3
Qd6 16. Rad1 Be6 17. Na3 b6 18. b3 Rad8 19. Bc1 Nd5 20. Bb2 Nce7 21. Nc4 Qc7 22.
Rfe1 Nc6 23. a4 Rde8 24. Qh5 Rd8 25. Nf3 Bf7 26. Qxf5+ Bg6 27. Qh3 e4 28. Ng5+
Kg8 29. Ne6 Qe7 30. Nxf8 Rxf8 31. dxe4 Nxc3 32. Bxc3 Bxc3 33. Rf1 Bd4+ 34. Kh1
Qg7 35. Qe6+ Kh7 36. Qxc6 Rd8 37. Nd6 Rd7 38. Nf5 Qe5 39. Qxd7+ 1-0

[Event "Women's Speed Chess Q6 KO"]
[Site "chess.com INT"]
[Date "2021.06.05"]
[Round "2.2"]
[White "Belenkaya, Dina"]
[Black "Eswaran, Ashritha"]
[Result "0-1"]
[WhiteTitle "WGM"]
[BlackTitle "WIM"]
[WhiteElo "2341"]
[BlackElo "2244"]
[WhiteFideId "24142654"]
[BlackFideId "2080788"]
[EventDate "2021.06.05"]

1. e4 c5 2. Nc3 Nc6 3. g3 g6 4. Bg2 Bg7 5. d3 d6 6. Be3 e5 7. Qd2 h5 8. h3 Nge7
9. Nge2 Be6 10. Nd5 Bxd5 11. exd5 Nd4 12. O-O-O Nxe2+ 13. Qxe2 Qa5 14. Kb1 O-O-O
15. Bg5 f6 16. Bd2 Qb6 17. Bc3 Kb8 18. f4 Nf5 19. fxe5 fxe5 20. Qf2 Rhf8 21. Be4
Ne7 22. Qd2 Qc7 23. Rdf1 Qd7 24. Qg2 b5 25. Bd2 Nf5 26. Bg5 Rde8 27. g4 hxg4 28.
hxg4 Nd4 29. Bxg6 Rxf1+ 30. Rxf1 Rf8 31. Rxf8+ Bxf8 32. Qf2 Bg7 33. Bf5 Qf7 34.
c3 Nxf5 35. Qxf5 Qxd5 36. Bc1 Kc7 37. Qg6 Bf8 38. Qh7+ Kb6 39. g5 c4 40. Be3+
Kc6 41. dxc4 Qd1+ 42. Bc1 bxc4 43. Qe4+ d5 44. Qf5 Bc5 45. Qe6+ Kb5 46. Qd7+ Kb6
47. Qe6+ Kb5 48. Qxe5 Qd3+ 49. Ka1 Qc2 50. Qf4 d4 51. cxd4 Bxd4 52. a3 c3 53. b3
Qd1 54. Qf5+ Kc6 55. Qe6+ Kc5 56. Qf5+ Kc6 57. Qe6+ Kc5 58. Qc4+ Kd6 59. Qb4+
Ke5 60. Qb5+ Ke4 61. Qc6+ Kd3 62. Qg6+ Ke2 63. Qe4+ Kf2 64. Qf4+ Ke2 65. Qg4+
Ke1 66. Qxd1+ Kxd1 67. Bf4 c2+ 68. Ka2 Be5 69. Be3 Bd4 70. Bf4 Be5 71. Be3 Bc3
72. g6 Bd2 73. g7 c1=Q 74. g8=Q Qc2+ 75. Ka1 Bc3# 0-1

[Event "Women's Speed Chess Q6 KO"]
[Site "chess.com INT"]
[Date "2021.06.05"]
[Round "2.2"]
[White "Socko, Monika"]
[Black "Mammadova, Gulnar"]
[Result "1-0"]
[WhiteTitle "GM"]
[BlackTitle "IM"]
[WhiteElo "2393"]
[BlackElo "2382"]
[WhiteFideId "1106619"]
[BlackFideId "13403508"]
[EventDate "2021.06.05"]

1. d4 g6 2. c4 Bg7 3. Nf3 d6 4. g3 Nd7 5. Bg2 e5 6. Nc3 Ne7 7. O-O O-O 8. e4
exd4 9. Nxd4 Nc6 10. Be3 Nde5 11. b3 Bg4 12. f3 Bd7 13. Nde2 f5 14. Rc1 fxe4 15.
Nxe4 Bf5 16. N2c3 Qd7 17. Qd2 Rae8 18. Rce1 b6 19. Kh1 a5 20. f4 Ng4 21. Bg1 h6
22. Nb5 Kh7 23. Nec3 Nb4 24. Nd4 Nd3 25. Rxe8 Rxe8 26. Nxf5 Qxf5 27. Nd5 c5 28.
h3 Nf6 29. Nxf6+ Bxf6 30. g4 Qe6 31. Qxd3 Kg7 32. Bf2 Qe2 33. Qxd6 Qxa2 34. Qxb6
Re2 35. Qxc5 Qxb3 36. Kg1 a4 37. Qa7+ Re7 38. Qa6 a3 39. c5 a2 40. g5 hxg5 41.
fxg5 Bc3 42. c6 Qb1 43. Qa3 Bb4 44. Qa4 Bc3 45. Bd4+ Bxd4+ 46. Qxd4+ Kh7 47. Qf6
Ra7 48. Qe5 a1=Q 49. Qf4 Qb6+ 50. Kh2 Qg7 51. Qh4+ Kg8 52. Bd5+ Rf7 53. Bxf7+
Qxf7 54. Rxf7 Kxf7 55. Qf4+ Ke8 56. Qe5+ Kd8 57. Qd6+ Ke8 58. Qxg6+ Kf8 59. Qf6+
Kg8 60. g6 Qe3 61. Qf7+ Kh8 62. Qh7# 1-0

[Event "Women's Speed Chess Q6 KO"]
[Site "chess.com INT"]
[Date "2021.06.05"]
[Round "2.3"]
[White "Mammadova, Gulnar"]
[Black "Socko, Monika"]
[Result "1-0"]
[WhiteTitle "IM"]
[BlackTitle "GM"]
[WhiteElo "2382"]
[BlackElo "2393"]
[WhiteFideId "13403508"]
[BlackFideId "1106619"]
[EventDate "2021.06.05"]

1. e4 e6 2. Qe2 c5 3. g3 Nc6 4. c3 g6 5. Bg2 Bg7 6. f4 Nge7 7. Nf3 d6 8. O-O O-O
9. d3 e5 10. fxe5 dxe5 11. Be3 b6 12. Na3 Be6 13. Nc2 Qd7 14. b3 Rad8 15. Rad1
Bg4 16. Qf2 Bh3 17. Nh4 Bxg2 18. Qxg2 Qe6 19. Qe2 f5 20. Bc1 h6 21. Ng2 Kh7 22.
Nce3 Rd7 23. exf5 gxf5 24. Nh4 f4 25. Neg2 Ng6 26. Qe4 Ne7 27. Nxf4 Qg4 28.
Nfxg6 Rxf1+ 29. Rxf1 Qxe4 30. dxe4 Nxg6 31. Nf5 Bf8 32. Ne3 Rd3 33. Nd5 Kg7 34.
Kf2 Ne7 35. Ke2 Rxd5 36. exd5 Nxd5 37. Bxh6+ Kxh6 38. Rxf8 Nxc3+ 39. Ke3 Nxa2
40. Ra8 a5 41. Rb8 Nc3 42. Rxb6+ Kg5 43. Rb8 Kf5 44. Ra8 Nd5+ 45. Kd2 Ke4 46.
Rxa5 Kd4 47. Ra4+ Nb4 48. h4 e4 49. h5 Ke5 50. Rxb4 cxb4 51. Ke3 Kf5 52. h6 Kg6
53. Kxe4 Kxh6 54. Kd4 Kg5 55. Kc4 1-0

[Event "Women's Speed Chess Q6 KO"]
[Site "chess.com INT"]
[Date "2021.06.05"]
[Round "3.1"]
[White "Mammadova, Gulnar"]
[Black "Eswaran, Ashritha"]
[Result "1/2-1/2"]
[WhiteTitle "IM"]
[BlackTitle "WIM"]
[WhiteElo "2382"]
[BlackElo "2244"]
[WhiteFideId "13403508"]
[BlackFideId "2080788"]
[EventDate "2021.06.05"]

1. e4 c5 2. Nf3 a6 3. b3 Nc6 4. Bb2 d5 5. exd5 Qxd5 6. Nc3 Qd8 7. a4 Nf6 8. Bc4
Bg4 9. h3 Bxf3 10. Qxf3 Nd4 11. Qd1 e6 12. O-O Be7 13. Ne2 O-O 14. Nxd4 cxd4 15.
Qf3 Rb8 16. Bd3 e5 17. Rfe1 Qc7 18. c3 dxc3 19. Bxc3 Bd6 20. Rac1 Rfe8 21. Bxe5
Rxe5 22. Rxc7 Rxe1+ 23. Bf1 Bxc7 24. g3 Ne4 25. Kg2 Nxd2 26. Qc3 Rxf1 27. Qxd2
Ra1 28. Qc3 Rd1 29. Qxc7 Rbd8 30. Qxb7 R1d6 31. b4 h6 32. h4 Re8 33. Qc7 Ree6
34. Qc8+ Kh7 35. Qc2+ Kg8 36. Qc8+ Kh7 37. Qc7 Kg8 38. h5 Rb6 39. Qd8+ Kh7 40.
Qd3+ Kg8 41. b5 axb5 42. axb5 Red6 43. Qc4 Re6 44. Qc8+ Kh7 45. Qc2+ Kg8 46.
Qc8+ Kh7 47. Qc2+ Kg8 48. Qc8+ 1/2-1/2

[Event "Women's Speed Chess Q6 KO"]
[Site "chess.com INT"]
[Date "2021.06.05"]
[Round "3.2"]
[White "Eswaran, Ashritha"]
[Black "Mammadova, Gulnar"]
[Result "0-1"]
[WhiteTitle "WIM"]
[BlackTitle "IM"]
[WhiteElo "2244"]
[BlackElo "2382"]
[WhiteFideId "2080788"]
[BlackFideId "13403508"]
[EventDate "2021.06.05"]

1. e4 e6 2. d4 d5 3. Nd2 a6 4. Ngf3 c5 5. exd5 exd5 6. dxc5 Bxc5 7. Nb3 Bb6 8.
Bg5 f6 9. Bf4 Nc6 10. Bd3 Qe7+ 11. Qe2 Bg4 12. Qxe7+ Ngxe7 13. Be2 Nb4 14. Nfd4
Bxe2 15. Kxe2 Kf7 16. c3 Nbc6 17. Be3 Ne5 18. Rhe1 Nc4 19. Rab1 Rhe8 20. Kd3 Ng6
21. Nf5 Nxe3 22. fxe3 Ne5+ 23. Kc2 Nc4 24. Nbd4 g6 25. Nh6+ Kg7 26. Ng4 h5 27.
Nf2 Nxe3+ 28. Kd3 Nxg2 29. Rxe8 Rxe8 30. Rf1 Nf4+ 31. Kc2 Bxd4 32. cxd4 Re2+ 33.
Kb3 Re3+ 34. Kc2 Rf3 35. Kd2 Nh3 36. Ke2 Rxf2+ 37. Rxf2 Nxf2 38. Kxf2 g5 39. Kg3
Kg6 40. Kf3 Kf5 41. b4 g4+ 42. Ke3 Kg5 43. a4 f5 44. b5 axb5 45. axb5 f4+ 46.
Kd3 b6 47. Ke2 Kh4 48. Kd3 Kh3 0-1